El proyecto colonizador de México a finales del siglo XIX: algunas perspectivas comparativas en Latinoamérica /
Se abordan los diversos proyectos de colonización en México, que empezaron en el siglo XIX, pero que en las dos últimas décadas del siglo XX consistieron en el establecimiento, por parte del gobierno federal, de núcleos de población nacional o extranjera con carácter de colonos agrícolas. Los objeti...
Αποθηκεύτηκε σε:
| Κύριος συγγραφέας: | |
|---|---|
| Μορφή: | Κείμενο |
| Θέματα: | |
| Ετικέτες: |
Προσθήκη ετικέτας
Δεν υπάρχουν, Καταχωρήστε ετικέτα πρώτοι!
|
MARC
| LEADER | 00000 a a2200000 04500 | ||
|---|---|---|---|
| 001 | 42036 | ||
| 003 | |||
| 040 | |a CRAI/IIS |c CRAI/IIS | ||
| 100 | |a Martínez Rodríguez, Marcela | ||
| 245 | |a El proyecto colonizador de México a finales del siglo XIX: |b algunas perspectivas comparativas en Latinoamérica / |c Marcela Martínez Rodríguez | ||
| 520 | |a Se abordan los diversos proyectos de colonización en México, que empezaron en el siglo XIX, pero que en las dos últimas décadas del siglo XX consistieron en el establecimiento, por parte del gobierno federal, de núcleos de población nacional o extranjera con carácter de colonos agrícolas. Los objetivos y políticas de este proceso pueden conocerse a través del caso de las colonias agrícolas de italianos establecidas entre 1881 y 1882. Se plantea que existe un paralelismo entre la colonización de México y la de países de Sudamérica. Y la comparación entre ellos permite entender las particularidades del caso mexicano y que, a pesar de sus diferencias, el común denominador de los proyectos de colonización en dichos países es la ocupación territorial, el poblamiento, desarrollo económico y la mezcla de la población. | ||
| 590 | |a EFU/MARZO2012 | ||
| 650 | |a MEXICO | ||
| 650 | |a AMERICA DEL SUR | ||
| 650 | |a ANALISIS HISTORICO | ||
| 650 | |a COLONIZACION RURAL | ||
| 650 | |a INMIGRACION | ||
| 650 | |a ESTADO | ||
| 650 | |a POBLACION | ||
| 773 | |g número76 (2010), páginas 102-132 | ||
| 999 | |c 20069 |d 20069 | ||
